000 00355nam a2200145Ia 4500
008 230917s9999||||xx |||||||||||||| ||und||
040 _e69841
_aMAIN
041 _aEnglish
082 _a570 M467L
100 _aMedawar, P B
245 4 _aThe life science: current ideas of biology
260 _aLondon
_bWildwood
_c1977
300 _a196 p.
942 _cBK
999 _c38226
_d38226